00519nam a2200157Ia 4500008004100000041001200041082001100053100002200064245007900086260000600165650000600171700001900177942000700196999001700203952014100220221030s9999 xx 000 0 und d aEnglish a105.23 aU. K. Chakraborty 0aSoftware & Systems - An Introductioncby U. K. Chakraborty, D. G. Dastidar c0 aB aD. G. Dastidar cBK c13177d13177 pB 1476l0o105.23 r2022-10-30 00:00:00w2022-10-30yBK003Print4070aMIETLIBbMIETLIBcBL-, FL-, CUP-0, SH-0, R-0d2012-06-2610HBE